|
|
|
|
| LEADER |
00000nab a2200000 a 4500 |
| 001 |
vtls000889755 |
| 003 |
SK-MaSNL |
| 005 |
20260304121721.0 |
| 008 |
250429c2004 xo mr|p|||||||000 b|slo |
| 015 |
|
|
|a SNBRB2004/11
|2 snkbucl
|
| 035 |
|
|
|a (uuid)102452d4-37dc-4ee8-93f7-92dda0f67243
|
| 035 |
|
|
|a urn:nbn:sk:snk-ab9vwh
|
| 035 |
|
|
|a (urnnbn)urn:nbn:sk:snk:ar-a091sp
|
| 038 |
|
|
|a SNKBUCL
|
| 040 |
|
|
|a SNKBUCL
|b slo
|c SNKBUCL
|e AACR2
|
| 041 |
0 |
|
|a slo
|
| 044 |
|
|
|a xo
|c SK
|
| 080 |
|
|
|a 2-051
|2 1997
|
| 080 |
|
|
|a 929 Stach, Emil
|2 1997
|
| 100 |
1 |
|
|a Matis, Jozef,
|d 1952-
|4 aut
|9 113941
|
| 245 |
1 |
0 |
|a V láske je život
|b (spomienka na VDP. Dr. Emila Stacha)
|c Jozef Matis
|
| 504 |
|
|
|a Bibliogr. odkazy
|
| 504 |
|
|
|a Bibliografia článkov E. Stacha na str. 81
|
| 600 |
1 |
7 |
|a Stach, Emil,
|d 1913-1968
|2 snkbucl
|9 318800
|
| 773 |
0 |
|
|t Verbum
|g Roč. XV., č. 1 (2004), s. 78-81
|x 1210-1605
|
| 850 |
|
|
|a Slovenská národná knižnica
|
| 852 |
|
|
|a Slovenská národná knižnica
|
| 954 |
|
|
|a odborná, vedecká literatúra pôvodná (slovenská)
|2 lita
|
| 958 |
|
|
|a article13
|
| 958 |
|
|
|a OND
|
| 958 |
|
|
|a BX
|
| 958 |
|
|
|a NB
|
| 958 |
|
|
|a EUIPO
|
| 999 |
|
|
|c 2886542
|d 2888472
|